Seguridad vial en rutas /
La tragedia del colegio Ecos es un ejemplo de la gravedad que puede revestir el hecho de viajar a alta velocidad en las rutas. Una sobreviviente, Malen Ecker, nos cuenta qué pasó; y los especialistas nos ayudan a echar luz sobre nuestras responsabilidades.
Guardado en:
| Autor Corporativo: | |
|---|---|
| Otros Autores: | |
| Formato: | |
| Publicado: |
Argentina,
2008.
|
| Series: | Mejor Hablar de Ciertas Cosas
|
| Materias: | |
| Acceso en línea: | https://www.educ.ar/recursos/100880/seguridad-vial-en-rutas |
| Etiquetas: |
Agregar Etiqueta
Sin Etiquetas, Sea el primero en etiquetar este registro!
|
| LEADER | 01490ngm a22003255g 4500 | ||
|---|---|---|---|
| 001 | CEM.cems023025 | ||
| 008 | 130507s2008##################0###0#####d | ||
| 005 | 20241204161953.0 | ||
| 245 | 1 | 0 | |a Seguridad vial en rutas / |c Canal Encuentro. |
| 260 | |a Argentina, |c 2008. | ||
| 300 | |a 46'. | ||
| 490 | 0 | |a Mejor Hablar de Ciertas Cosas | |
| 500 | |a Consultar en ventanilla. | ||
| 505 | 0 | |a Las graves consecuencias de la inseguridad vial en las rutas argentinas. Las altas velocidades y la negligencia de los conductores. El respeto a las normas de tránsito. Testimonio de los expertos y los sobrevivientes. | |
| 520 | |a La tragedia del colegio Ecos es un ejemplo de la gravedad que puede revestir el hecho de viajar a alta velocidad en las rutas. Una sobreviviente, Malen Ecker, nos cuenta qué pasó; y los especialistas nos ayudan a echar luz sobre nuestras responsabilidades. | ||
| 538 | |a Soporte: DVD - Color: Si - Grabación DRD 2012 | ||
| 590 | |a Identificación SIABUC: DVD Nº 39 | ||
| 110 | 2 | |a Canal Encuentro. | |
| 700 | 1 | |a Pauls, Gastón; Conducción. | |
| 082 | 3 | 6 | |/ PAU-1 |
| 082 | 3 | 6 | |/ ENC-1 |
| 653 | |a EDUCACION VIAL | ||
| 653 | |a SEGURIDAD VIAL | ||
| 653 | |a ACCIDENTES DE TRANSITO | ||
| 653 | |a ACCIDENTES | ||
| 653 | |a MEJOR HABLAR DE CIERTAS COSAS | ||
| 653 | |a NIVEL PRIMARIO | ||
| 653 | |a NIVEL SECUNDARIO | ||
| 856 | |u https://www.educ.ar/recursos/100880/seguridad-vial-en-rutas | ||
| 859 | |a CEMS |b BIB. CEMS - Depto. Recursos Didacticos |h 360 |i PAU-1 |k DRD |p 1668.12 |t Ej.1 | ||
